| 000 | 00710nam a22002057a 4500 | ||
|---|---|---|---|
| 005 | 20251108171811.0 | ||
| 008 | 250721s1990 xx 000 0 ara d | ||
| 082 | 1 | 4 | _aم/552.09563/سبع |
| 100 | 1 | _aالسبعاوي، نبيل أحمد | |
| 245 | 1 | 0 | _aتطبيق طرائق الجس البئري في دراسة هيدروجيوجية ............ / |
| 264 | 1 |
_aبغداد : _c1990. |
|
| 300 | _a112ص | ||
| 500 | _aرسالة مقدمة إلى عمادة كلية العلوم جامعة بغداد - العراق | ||
| 650 | 1 | 7 | _aعلم الأرض |
| 650 | 1 | 7 | _aالصخور |
| 650 | 1 | 7 | _aالمياة الجوفية |
| 650 | 1 | 7 | _aتاريخ العراق |
| 942 |
_2ddc _cREF |
||
| 999 |
_c62894 _d62894 |
||